Oceňování podniku ekonomické aspekty

Gespeichert in:
Bibliographische Detailangaben
1. Verfasser: Mlčoch, Jan
Format: Buch
Sprache:Tschechisch
Veröffentlicht: Praha Linde 1998
Schlagworte:
Tags: Tag hinzufügen
Keine Tags, Fügen Sie das erste Tag hinzu!

MARC

LEADER 00000nam a2200000 4500
001 c108257
005 20221109094054.9
020 |a 80-7201-145-6 
041 0 |a cze 
044 |a CZ 
245 1 0 |a Oceňování podniku  |b ekonomické aspekty  |c Jan Mlčoch 
264 1 |a Praha  |b Linde  |c 1998 
300 |a 159 s. 
610 2 0 |a oceňovanie 
610 2 0 |a podnik 
610 2 0 |a hodnota podniku 
610 2 0 |a aktíva 
610 2 0 |a majetok investičný 
610 2 0 |a majetok hmotný 
610 2 0 |a majetok nehmotný 
610 2 0 |a ceny trhové 
610 2 0 |a výnosy podnikové 
610 2 0 |a pohľadávky 
610 2 0 |a zásoby 
100 1 |a Mlčoch, Jan